MARC

LEADER 00000nam0a2200000 4500
001 32983
005 20231101210129.0
035 |a (RuTPU)RU\TPU\book\33297 
035 |a BOOK00000015 
090 |a 32983 
100 |a 20011210d1971 k y0rusy50 ca 
101 0 |a rus 
102 |a RU 
105 |a а z 001zy 
200 1 |a Электронные процессы на поверхности полупроводников  |f А. В. Ржанов 
210 |a Москва  |c Наука  |c Физико-математическая лит-ра  |d 1971 
215 |a 480 с.  |c ил. 
225 1 |a Физика полупроводников и полупроводниковых приборов 
320 |a Библиогр.: с. 467-476. 
606 1 |a Полупроводники  |x Электронная теория  |2 stltpush  |3 (RuTPU)RU\TPU\subj\50639  |9 69291 
610 1 |a физика 
610 1 |a полупроводники 
610 1 |a электронная теория 
610 1 |a поверхности 
610 1 |a электронные процессы 
610 1 |a исследования 
610 1 |a методы 
610 1 |a поверхностное рассеяние 
610 1 |a атомарно-чистая поверхность 
610 1 |a реальная поверхность 
675 |a 537.311.322:530.145  |v 3 
700 1 |a Ржанов  |b А. В.  |g Анатолий Васильевич 
801 0 |a RU  |b 63413507  |c 20011210  |g PSBO 
801 2 |a RU  |b 63413507  |c 20190116  |g PSBO 
942 |c BK